000 00863nam a2200265Ia 4500
003 OSt
005 20220926021514.0
006 a|||||r|||| 00| 0
007 ta
008 220923b |||||||| |||| 00| 0 eng d
020 _a0940394049
037 _cGeneral Book
040 _aRTL
_cRTL
_beng
041 _2eng
_aeng
082 _aX9(F5594):4.1.N8, M2/UN
110 _aUNITED NATIONS, ECONOMIC AND SOCIAL COUNCIL
245 0 _aTransport of dangerous goods
_b Recommendations prepared by the United Nations committee of experts on the transport of dangerous goods
250 _a2
260 _aNew York
_bUnited Naitons USA
_c1982
300 _a462p.
_ccm.
650 _aGas Industry
700 _aUNITED NATIONS, ECONOMIC AND SOCIAL COUNCIL
942 _hX9(F5594):4.1.N8, M2/UN
_cGB
_2CC
999 _c636958
_d636958